| 000 | 00735nam a2200253Ia 4500 | ||
|---|---|---|---|
| 001 | dia_4026 | ||
| 003 | CHAP | ||
| 005 | 20230118121719.0 | ||
| 007 | ta | ||
| 008 | 220117s1991 mx f 000 0 spa d | ||
| 010 | _a174650 | ||
| 040 |
_cCHAP _amxchpua |
||
| 090 | _aFOLLETO 2571 | ||
| 100 | 1 |
_aSánchez Peña, Victor _9149239 |
|
| 245 | 1 | 0 |
_aTecnología de oleaginosas y aceites / _cVictor Sánchez Peña |
| 260 |
_aChapingo, México : _bUACh. Departamento de Ingeniería Agroindustrial, _c1991 |
||
| 300 | _a83 páginas | ||
| 500 | _aS/c | ||
| 650 | 1 | 3 |
_aAceites _xTecnología _9155622 |
| 901 | _aFOLLETO 2571 | ||
| 902 | _aM | ||
| 905 | _a0000001991 mx A 0000000000spa00 | ||
| 942 |
_cFOLL _2local |
||
| 999 |
_c174650 _d174650 |
||